Uhoľné bane na Slovensku medzi vojnami

Bibliographic Details
Main Author: Herčko, Ivan, 1943- (Author)
Format: Article
Language:Slovak
Subjects:

MARC

LEADER 00000nab a2200000 a 4500
001 vtls000160843
003 SK-MaSNL
005 20260304032040.0
008 111104c1983 xo 0 slo
015 |a SNBRB19rr/mm-uuuuu 
035 |a CL0170953 
040 |a SNKBUCL  |b slo  |c SNKBUCL  |e AACR2 
041 0 |a slo 
044 |a xo  |c SK 
080 |a 622:943.76  |2 1981 
080 |a 943.76  |2 1981 
100 1 |a Herčko, Ivan,  |d 1943-  |4 aut  |9 40211 
245 1 0 |a Uhoľné bane na Slovensku medzi vojnami  |c Ivan Herčko 
650 0 7 |a baníctvo  |2 snkbucl  |9 3571 
655 7 |a články z novín a časopisov  |2 snkbucl  |9 267496 
773 0 |t Technické noviny  |g Roč. 31, č. 30 (1983), s. 2 
850 |a Slovenská národná knižnica v Martine  |a MTA001 
852 |a SNK  |b KIS3GCP 
958 |a RK 
992 |a RBX 
999 |c 2641069  |d 2642999